[Event "EU-Cup 34th"]
[Site "Porto Carras"]
[Date "2018.10.15"]
[Round "4.6"]
[White "Krasniqi, Avni"]
[Black "Loo, Bernd"]
[Result "1/2-1/2"]
[WhiteElo "1821"]
[BlackElo "1849"]
[PlyCount "173"]
[EventDate "2018.10.12"]
[EventType "team-swiss"]
[EventRounds "7"]
[EventCountry "GRE"]
[SourceTitle "CBM 187"]
[Source "ChessBase"]
[SourceDate "2018.12.11"]
[SourceVersion "1"]
[SourceVersionDate "2018.12.11"]
[SourceQuality "1"]
[WhiteTeam "Dardania"]
[BlackTeam "Wirtzfeld"]
[WhiteTeamCountry "KOS"]
[BlackTeamCountry "BEL"]

1. e4 d5 2. exd5 Nf6 3. Nf3 Bg4 4. Be2 Qxd5 5. d4 Nc6 6. c4 Qd7 7. d5 Bxf3 8. Bxf3 Ne5 9. Qb3 Nxf3+ 10. Qxf3 e6 11. Qe2 0-0-0 12. dxe6 Bb4+ 13. Bd2 Qe7 14. 0-0 Bxd2 15. Nxd2 Rhe8 16. Rfe1 Qb4 17. Nf3 Rxe6 18. Qc2 Rde8 19. Rxe6 Rxe6 20. h3 g6 21. a3 Qe7 22. b4 Re2 23. Qc3 h6 24. Rd1 Re6 25. c5 g5 26. b5 Ne4 27. Qh8+ Qe8 28. Qd4 f5 29. Qc4 Rf6 30. Nd4 Qf7 31. Qxf7 Rxf7 32. c6 Rf6 33. Re1 Nd6 34. Re7 Kd8 35. Rh7 b6 36. Rh8+ Ne8 37. a4 f4 38. Kf1 Ke7 39. Ke2 Kf7 40. Kf3 Rd6 41. Nf5 Re6 42. Rxh6 Rxh6 43. Nxh6+ Kg6 44. Ng4 Nd6 45. Ne5+ Kf5 46. Nd3 Ne4 47. Nb4 Nc5 48. Nd5 Ne6 49. Ne7+ Ke5 50. Kg4 Kf6 51. Nc8 Nc5 52. Nxa7 Nxa4 53. h4 gxh4 54. Kxf4 Nc3 55. Kg4 Nd1 56. f3 Ne3+ 57. Kh3 Kg5 58. Nc8 Nd5 59. Na7 Nf4+ 60. Kh2 Nd5 61. Kg1 Kf4 62. Kf2 Nc3 63. Nc8 Nxb5 64. Ne7 Nc3 65. Ng6+ Kg5 66. Ne5 Nd5 67. Nd3 b5 68. Ke1 Ne7 69. Nb4 Kf4 70. Kf2 Ke5 71. Ke2 Nd5 72. Nc2 b4 73. Kd2 Kd6 74. Nd4 Ke5 75. Nb5 Ne7 76. Nxc7 Nxc6 77. Nb5 Kf4 78. Ke2 Kg3 79. Kf1 b3 80. Nc3 Ne5 81. Ne2+ Kh2 82. f4 Ng4 83. f5 Ne3+ 84. Kf2 Nxf5 85. Ng1 b2 86. Nf3+ Kh1 87. Nd2 1/2-1/2

[Event "Figueira da Foz op 11th"]
[Site "Figueira da Foz"]
[Date "2017.11.01"]
[Round "5"]
[White "Garcia Dorado, Alberto"]
[Black "Loo, Bernd"]
[Result "1-0"]
[WhiteElo "2146"]
[BlackElo "1861"]
[PlyCount "49"]
[EventDate "2017.10.29"]
[EventType "swiss"]
[EventRounds "9"]
[EventCountry "POR"]
[SourceTitle "CBM 181 Extra"]
[Source "ChessBase"]
[SourceDate "2017.12.12"]
[SourceVersion "1"]
[SourceVersionDate "2017.12.12"]
[SourceQuality "1"]

1. d4 d5 2. c4 Nc6 3. cxd5 Qxd5 4. e3 e5 5. Nc3 Bb4 6. Bd2 Bxc3 7. bxc3 Qd6 8. Bd3 Nf6 9. Qc2 0-0 10. Ne2 Re8 11. f3 exd4 12. cxd4 Nb4 13. Bxb4 Qxb4+ 14. Qd2 Nd5 15. e4 Qxd2+ 16. Kxd2 Nb6 17. Rhc1 c6 18. a4 Be6 19. a5 Nd7 20. a6 bxa6 21. Bxa6 Rad8 22. Rxc6 Nb6 23. Rc7 Rd7 24. Rac1 Ree7 25. Rc8+ 1-0

[Event "Figueira da Foz op 11th"]
[Site "Figueira da Foz"]
[Date "2017.10.30"]
[Round "2"]
[White "Taboas Rodriguez, Daniel"]
[Black "Loo, Bernd"]
[Result "1-0"]
[WhiteElo "2379"]
[BlackElo "1861"]
[PlyCount "75"]
[EventDate "2017.10.29"]
[EventType "swiss"]
[EventRounds "9"]
[EventCountry "POR"]
[SourceTitle "CBM 181 Extra"]
[Source "ChessBase"]
[SourceDate "2017.12.12"]
[SourceVersion "1"]
[SourceVersionDate "2017.12.12"]
[SourceQuality "1"]

1. d4 c5 2. d5 e5 3. c4 d6 4. Nc3 g6 5. e4 Bg7 6. Bd3 Ne7 7. h4 h6 8. h5 g5 9. Nge2 0-0 10. Ng3 f5 11. exf5 Nxf5 12. Nxf5 Bxf5 13. Bxf5 Rxf5 14. Qg4 Qd7 15. Nb5 Rf6 16. Qxd7 Nxd7 17. Nc3 Bf8 18. Rb1 Be7 19. Ke2 Raf8 20. Ne4 R6f7 21. Be3 Nf6 22. Nxf6+ Bxf6 23. b4 b6 24. bxc5 dxc5 25. Kd3 Be7 26. Ke4 Bd6 27. a4 Rf4+ 28. Bxf4 Rxf4+ 29. Kd3 e4+ 30. Ke2 e3 31. fxe3 Rxc4 32. a5 Bc7 33. Rhf1 Rc2+ 34. Kd3 Rxg2 35. Rf6 Rg3 36. d6 Bd8 37. Rg6+ Kf7 38. Rf1+ 1-0

[Event "Coimbra op"]
[Site "Coimbra"]
[Date "2015.04.30"]
[Round "1"]
[White "Loo, Bernd"]
[Black "Chetverik, Maxim"]
[Result "0-1"]
[WhiteElo "1871"]
[BlackElo "2266"]
[PlyCount "60"]
[EventDate "2015.04.30"]
[EventType "swiss"]
[EventRounds "7"]
[EventCountry "POR"]
[SourceTitle "CBM 166 Extra"]
[Source "ChessBase"]
[SourceDate "2015.06.18"]
[SourceVersion "1"]
[SourceVersionDate "2015.06.18"]
[SourceQuality "1"]

1. e4 a6 2. a4 e5 3. Nf3 Nc6 4. Bc4 Bc5 5. d3 Nf6 6. Nc3 h6 7. Be3 d6 8. Nd5 0-0 9. c3 Nxd5 10. Bxd5 Bxe3 11. fxe3 Ne7 12. Bb3 Kh8 13. 0-0 Ng6 14. Nd2 Qg5 15. Qe2 f5 16. Nf3 Qg4 17. h3 Qg3 18. Nd2 f4 19. Qe1 Qg5 20. Nf3 Qe7 21. Kh2 Bd7 22. g3 Rf6 23. exf4 exf4 24. g4 Ne5 25. d4 Nxf3+ 26. Rxf3 Re8 27. Bc2 Bc6 28. Qf2 Bxe4 29. Re1 d5 30. Rxf4 Qd6 0-1